Zákulisí německého imperialismu

Enregistré dans:
Détails bibliographiques
Format: Livre
Langue:tchèque
Publié: Brno Rovnost 1950
Tags: Ajouter un tag
Pas de tags, Soyez le premier à ajouter un tag!

MARC

LEADER 00000nam a2200000 4500
001 0315192
005 20260302092636.8
041 0 |a cze 
044 |a CZ 
245 1 0 |a Zákulisí německého imperialismu  |c Albert Norden 
264 1 |a Brno  |b Rovnost  |c 1950